|
|
|
|
| LEADER |
00000naa2a2200000 4500 |
| 001 |
383848 |
| 005 |
20231101063158.0 |
| 035 |
|
|
|a (RuTPU)RU\TPU\prd\9851
|
| 090 |
|
|
|a 383848
|
| 100 |
|
|
|a 20030120a2002 k y0rusy50 ca
|
| 101 |
0 |
|
|a rus
|
| 102 |
|
|
|a RU
|
| 200 |
1 |
|
|a Распределение биоценозов донных сообществ по грунтам глубоководного Красноярского водохранилища (по многолетним рядам, 1978-1997 гг.)
|f О. А. Кузнецова, З. Г. Гольд
|
| 320 |
|
|
|a Библиогр.: 19 назв.
|
| 461 |
|
1 |
|0 (RuTPU)RU\TPU\prd\1754
|x 0869-8619
|t Сибирский экологический журнал
|o научный журнал
|f Российская академия наук (РАН), Сибирское отделение (СО)
|d 1995-
|
| 463 |
|
1 |
|0 (RuTPU)RU\TPU\prd\6330
|t № 2
|v С. 165-172
|d 2002
|
| 610 |
1 |
|
|a биоценозы
|
| 610 |
1 |
|
|a донные беспозвоночные
|
| 610 |
1 |
|
|a Красноярское водохранилище
|
| 610 |
1 |
|
|a зообентос
|
| 610 |
1 |
|
|a экологический мониторинг
|
| 675 |
|
|
|a 574.5(285)
|v 3
|
| 700 |
|
1 |
|a Кузнецова
|b О. А.
|
| 701 |
|
1 |
|a Гольд
|b З. Г.
|
| 801 |
|
1 |
|a RU
|b 63413507
|c 20030120
|g PSBO
|
| 801 |
|
2 |
|a RU
|b 63413507
|c 20131209
|g RCR
|
| 942 |
|
|
|c BK
|